Difficult French verbs - Statistics

General Stats
  • This quiz has been taken 11 times
    10 since last reset
  • The average score is 12 of 30
Answer Stats
English French % Correct
Burp Roter
100%
Blink Cligner
83%
Blow Souffler
83%
Accommodate Accommoder
67%
Add up Additionner
67%
Brew (beer) Brasser
67%
Classify Classer
67%
Ban Interdire
67%
Argue Bagarrer
50%
Border Border
50%
Bang, crash Claquer
50%
Corrupt Corrompre
50%
Clear (table) Débarrasser
50%
Challenge Défier
50%
Beat up Rouer (de coups)
50%
Bring up to date Actualiser
33%
Buzz Bourdonner
33%
Creak, grind Grincer
33%
Abuse Maltraiter
33%
Appoint Nommer
33%
Cross out Rayer
33%
Collapse S'effondrer
33%
Disentangle Démêler
17%
Confuse Embrouiller
17%
Crawl (baby) Marcher à quatre pattes
17%
Crumple Chiffonner
0%
Clear (unblock) Déboucher
0%
Clear (land) Défricher
0%
Advocate Préconiser
0%
Beware Se méfier
0%
No matching quizzes found
Score Distribution
Percent of People with Each Score
Percentile by Number Answered
Your Score History
You have not taken this quiz since the last reset